00367nam a2200121Ia 4500008004100000020001500041082001500056100002200071245008200093260003400175300001600209700002000225161229s9999 xx 000 0 und d a8186104771 a658 AND/RE aAnderson, Alan H  aResult oriented organizational behaviour: A skill and activity based approach bBeacon booksaNew Delhic1998 axxviii, 240 aKyprianou, Anna